Memòria prova pilot ajudes a la contractació d'immigrants : iniciativa europea Integra-Ocupació : Unitat d'Immigració 1998-1999 iniciativa europea Integra-Ocupació : Unitat d'Immigració 1998-1999
Descripción Física:
73 pàgines : 30 cm
Materias:
Immigrants -- Treball
; Immigrants -- Integració
; Treball social amb els immigrants -- Barcelona (Província)
Idioma:
Catalán
MARC
| LEADER | 00000nam a2200000 a 4500 | ||
|---|---|---|---|
| 008 | 220824s2000 spa||||| |||| 00| 0 cat d | ||
| 080 | |a Bib-921 | ||
| 245 | 0 | 0 | |a Memòria prova pilot ajudes a la contractació d'immigrants : |b iniciativa europea Integra-Ocupació : Unitat d'Immigració 1998-1999 |
| 260 | |a Barcelona : |b Diputació de Barcelona. Àrea de Serveis Socials, |c 2000 | ||
| 300 | |a 73 pàgines : |c 30 cm | ||
| 650 | 0 | |a Immigrants |x Treball |9 14814 | |
| 650 | 0 | |a Immigrants |x Integració |9 54274 | |
| 650 | 0 | |9 38759 |a Treball social amb els immigrants |x Barcelona (Província) | |
| 710 | |9 53159 |a Barcelona (Catalunya : Província). |b Àrea de Serveis Socials | ||
| 942 | |2 udc |c ARXIU |n 1 | ||
| 952 | |0 0 |1 0 |4 0 |6 BIB921 |7 1 |9 63538 |a Arxiu |b Arxiu |d 2022-08-24 |l 0 |o Bib-921 |p 26528 |r 2022-08-24 00:00:00 |w 2022-08-24 |y ARXIU | ||
| 999 | |c 82614 |d 82614 | ||